000 02762cam a22004334i 4500
003 PE-LiUPU
005 20250731175627.0
008 190319s2018 xxk0 rb 001 0 eng d
020 _a1683071794
020 _a978168307179
035 _a(Sirsi) a251981
040 _aPE-LiUPU
_bspa
_cPE-LiUPU
_erda
049 _aPRUA
082 0 4 _a492.415
_bK18
_223
100 1 _aKalimi, Isaac,
_eautor.
245 1 0 _aMetathesis in the Hebrew Bible :
_bwordplay as a literary and exegetical device /
_cIsaac Kalimi.
264 1 _aMassachusetts :
_bHendrickson Publishers Marketing, LLC,
_c2018.
300 _ax, 195 páginas ;
_c23 centímetros.
336 _atext
_2rdacontent
337 _aunmediated
_2rdamedia
338 _avolume
_2rdacarrier
504 _aBibliografía: páginas 165-174.
504 _aÍndice: páginas 175-195.
505 0 _aDefinition of the theme -- State of the research -- Purpose and importance -- Methods -- Outline of the study -- Linguistic-phonological metathesis -- Textual metathesis due to mistaken reading or writing -- Literary-stylistic metathesis names: Introduction to chapters four and five -- Personal names inverted in context -- Geographical names inverted in context -- Personal and geographical names in one text that are inverted in another -- Literary-stylistic metathesis words: Metatheses inverting the whole word/root -- Metatheses involving identical letters in the word/root, partially inverted -- Metatheses involving partial inversion of the word/root at the same point in each word: A. Torah. B. Latter prophets. C. Former prophets, Psalms, and Wisdom literature -- Metatheses between the beginning or end of one word and the end or beginning of another word -- Metatheses involving an exchange between ù; and ù" -- Conclusion -- Literary-stylistic metathesis in the Book of Ben Sira: Literary metatheses preserved in the Hebrew manuscripts -- Metatheses reconstructed by Moshe Zvi Segal in the portions missing from the Hebrew manuscripts -- Conclusion -- Literary-stylistic metathesis in rabbinic literature: Personal names -- Words and phrases -- Anagram.
526 _aP145
526 _aP127
526 _aP97
526 _aP35
526 _aP14
526 _aP07
650 0 7 _aHebrew language
_xPhonemics.
_2fast
_0(OCoLC)fst00954272.
650 0 7 _aMetathesis.
_2fast
_0(OCoLC)fst01018339.
910 _adbm
_bksl
_cksl
_d20190319
942 _2ddc
_cBOOK
994 _aC0
_bPEPRU
596 _a1
999 _a492.415 K18
_wDEWEY
_c31240
_i80048
_f2021-11-11
_g3
_lCCODEBUL1
_mBUL
_p19.98
_r0
_sY
_tBOOK
_u2019-3-19
_xTEOLOGIA
_PP35
_0COMPRA
_o.STAFF. Colección Teología
_d31240
980 _81
_gALBERTO SANCHEZ Responsable de Automatización